A gathering of friends : (Record no. 121349)
[ view plain ]
| 000 -LEADER | |
|---|---|
| fixed length control field | 01074mam a2200301 a 4500 |
| 001 - CONTROL NUMBER | |
| control field | 1880451 |
| 003 - CONTROL NUMBER IDENTIFIER | |
| control field | ARRUPE |
| 005 - DATE AND TIME OF LATEST TRANSACTION | |
| control field | 20150107140509.0 |
| 008 - FIXED-LENGTH DATA ELEMENTS--GENERAL INFORMATION | |
| fixed length control field | 961002s1996 miu 000 0 eng d |
| 020 ## - INTERNATIONAL STANDARD BOOK NUMBER | |
| International Standard Book Number | 0879077611 |
| 035 ## - SYSTEM CONTROL NUMBER | |
| System control number | (OCoLC)ocm35667822 |
| 035 ## - SYSTEM CONTROL NUMBER | |
| System control number | (NNC)1880451 |
| 040 ## - CATALOGING SOURCE | |
| Original cataloging agency | EMT |
| Transcribing agency | EMT |
| Modifying agency | OCL |
| 050 ## - LIBRARY OF CONGRESS CALL NUMBER | |
| Classification number | BR754.J62 |
| Item number | G38 1996 |
| 300 ## - PHYSICAL DESCRIPTION | |
| Dimensions | 23 cm. |
| 245 12 - TITLE STATEMENT | |
| Title | A gathering of friends : |
| Remainder of title | the learning and spirituality of John of Forde / |
| Statement of responsibility, etc | edited by Hilary Costello; Christopher Holdsworth. |
| 260 ## - PUBLICATION, DISTRIBUTION, ETC. (IMPRINT) | |
| Place of publication, distribution, etc | Kalamazoo, Mich. : |
| Name of publisher, distributor, etc | Cistercian Publications, |
| Date of publication, distribution, etc | c1996. |
| 300 ## - PHYSICAL DESCRIPTION | |
| Extent | 214 p. ; |
| 490 1# - SERIES STATEMENT | |
| Series statement | Cistercian studies series ; |
| Volume number/sequential designation | no. 161 |
| 504 ## - BIBLIOGRAPHY, ETC. NOTE | |
| Bibliography, etc | Includes bibliographical references and indexes. |
| 600 00 - SUBJECT ADDED ENTRY--PERSONAL NAME | |
| Personal name | John, |
| Titles and other words associated with a name | Abbot of Ford. |
| 9 (RLIN) | 12932 |
| 650 #0 - SUBJECT ADDED ENTRY--TOPICAL TERM | |
| Topical term or geographic name as entry element | Monasticism and religious orders |
| Geographic subdivision | England. |
| 9 (RLIN) | 12934 |
| 650 #0 - SUBJECT ADDED ENTRY--TOPICAL TERM | |
| Topical term or geographic name as entry element | Cistercians |
| Geographic subdivision | England |
| General subdivision | History |
| 9 (RLIN) | 13532 |
| 700 ## - ADDED ENTRY--PERSONAL NAME | |
| Personal name | Costello, Hilary (ed.) |
| 9 (RLIN) | 13533 |
| 700 ## - ADDED ENTRY--PERSONAL NAME | |
| Personal name | Holdsworth, Christopher (ed.) |
| 9 (RLIN) | 13534 |
| 830 #0 - SERIES ADDED ENTRY--UNIFORM TITLE | |
| Uniform title | Cistercian studies series ; |
| Volume number/sequential designation | no. 161. |
| 9 (RLIN) | 12935 |
| 942 ## - ADDED ENTRY ELEMENTS (KOHA) | |
| Source of classification or shelving scheme | Library of Congress Classification |
| Koha item type | Monograph ( Printed materials) |
| Withdrawn status | Lost status | Source of classification or shelving scheme | Damaged status | Not for loan | Collection code | Home library | Current library | Shelving location | Date acquired | Total Checkouts | Full call number | Barcode | Date last seen | Price effective from | Koha item type |
|---|---|---|---|---|---|---|---|---|---|---|---|---|---|---|---|
| Library of Congress Classification | Main Collection | ARRUPE LIBRARY | ARRUPE LIBRARY | Main Collection | 01/12/2014 | BR754.J62 G38 1996 | 46500001195 | 15/11/2016 | 01/12/2014 | Monograph ( Printed materials) |